| 000 | 00465cam a2200205ua 4500 | ||
|---|---|---|---|
| 001 | 9945 | ||
| 005 | 20260515114540.0 | ||
| 008 | 170117n ii |||gr||||Z||||||asm | ||
| 020 | _a8173390401 | ||
| 040 | _cMAIN | ||
| 041 | _aasm | ||
| 082 | _a891.4513/S | ||
| 100 |
_aBaruah, Bikas, _eAuthor. |
||
| 245 |
_aDharam _cBy Bikas Baruah |
||
| 250 | _a1st ed. | ||
| 260 |
_aDibrugarh: _bBanalata, _c1993. |
||
| 300 | _a180p. | ||
| 653 | _aAsamiya galpa | ||
| 942 | _cBK | ||
| 999 |
_c8944 _d8944 |
||